00938nam a22001697a 4500003000900000008004100009040007100050082001800121100002400139245021400163260004400377300003100421505020300452650004000655650004400695650002900739AR-CdUCM190307b ||||| |||| 00| 0 spa d aMUNICIPALIDAD PROVINCIAL DEL CUSCOcBIBLIOTECA MUNICIPAL DEL CUSCO a375.05 /bM35 aMeche Pilco, Hilda  a"estrategias motivacionales para desarrollar el pensamiento matemático creativo en los alumnos del primer grado de educación secundaria de la institución educativa de Huayllaccocha de Anta Cusco, 2009" / aCusco : bSonny graff E.I.R.L., c2013. a101 páginas ; c29.5 cm. aContenido: Análisis del proceso de enseñanza aprendizaje en la institución educativa de Huayllaccocha -- Estrategias motivacionales para el desarrollo del pensamiento matemático creativo ... aEnseñanza - Matemáticas - Cusco aProcesos de enseñanza - Huayllaccocha aPensamiento matemático